| 000 | 00521nam a22001697a 4500 | ||
|---|---|---|---|
| 999 |
_c41119 _d41119 |
||
| 003 | OSt | ||
| 005 | 20210312115344.0 | ||
| 008 | 210312b ||||| |||| 00| 0 eng d | ||
| 020 | _a9789332571211 | ||
| 040 | _coclc | ||
| 082 |
_a510 _bSIN/L |
||
| 100 |
_98382 _aSinha, Nishit K |
||
| 245 |
_aLogical Reasoning And Data Interpretation For The CAT / _cNishit K Sinha |
||
| 250 | _a5th Ed. | ||
| 260 |
_aUttar Pradesh: _bPearson India Education, _c2016. |
||
| 942 |
_2ddc _cBK _h510 _iSIN/L _k510 _mSIN/L |
||